| 000 | 00000nam##2200000za#4500 |
| 001 | 9.699205 |
| 003 | CaOODSP |
| 005 | 20210625000256 |
| 007 | cr ||||||||||| |
| 008 | 150407|1960||||xxc|||||o f|0| 0 eng|d |
| 040 | |aCaOODSP|beng |
| 043 | |an-cn--- |
| 086 | 1 |aA53-955/1960E-PDF |
| 110 | 1 |aCanada.|bAgriculture Canada.|bResearch Branch. |
| 245 | 10|aGrass silage for beef cattle / |h[electronic resource]|cby P.E. Sylvestre and E. Mercier. |
| 260 | |aOttawa - Ontario : |bAgriculture Canada. |cJune 1955, revised Oct. 1960. |
| 300 | |a16p.|bphotographs |
| 500 | |aHistorical publication digitized by Agriculture and Agri-Food Canada. Édition française publiée sous le titre «L'ensilage d'herbes pour les bovins de boucherie». |
| 590 | |a14-11-Supp|b2014-05-21 |
| 690 | 07|aAnimal nutrition|2gcpds |
| 690 | 07|aForage crops|2gcpds |
| 690 | 07|aLivestock|2gcpds |
| 690 | 07|aStorage|2gcpds |
| 856 | 40|ahttp://publications.gc.ca|qPDF|s1.3 MB|uhttps://publications.gc.ca/collections/collection_2014/aac-aafc/agrhist/A53-955-1960-eng.pdf |
| 986 | |a955 |